000
00255nam a2200109Ia 4500
008
190216s9999||||xx |||||||||||||| ||und||
100
_a
Ivan Turgemev
245
0
_a
Premathe Patti Moonu Kathakal
260
_b
Raduga Pub
650
_a
Kathakal
942
_c
BK
999
_c
26635
_d
26635